000 00657nam a22001937a 4500
999 _c174964
_d174964
005 20200728155505.0
010 _aENG-128298
020 _c475.00
_a9789352837229
035 _aEN-111830
037 _bDBAD/PUB
082 _a530.15
_28ed.
100 _aDass,H K
245 _a Mathematics Physics/
_cby H K Dass , Rama Verma
_bfor the students of B.Sc. and M.sc.(physics)
260 _aNew Delhi
_bS.Chand
_c2019
270 _aHead Office:7361,Ram Nagar,Qutab Rord
_bNew Delhi
_e110055
_k23672080
_l91-11-23677446
_minfo@schandpublishing.com
300 _axxiv;1416p.
_c24cm(pbk)
700 _aVerma,Rama
942 _2ddc
_cEN
_h530.15
_mDAS